Statistics for Best Selling Nintendo Switch Games

Click here to take the quiz!

General Stats

  • This quiz has been taken 384 times
    (129 since last reset)
  • The average score is 13 of 35

Answer Stats

Sales (in millions)Game% Correct
18.6The Legend of Zelda: Breath of the Wild
90%
26.74Mario Kart 8 Deluxe
87%
19.99Super Smash Bros. Ultimate
84%
18.06Super Mario Odyssey
82%
22.4Animal Crossing: New Horizons
74%
18.22Pokémon Sword and Shield
73%
5.48Super Mario Maker 2
57%
12.2Pokémon Let’s Go Pikachu!/Eevee!
56%
6.33Luigi’s Mansion 3
54%
10.71Splatoon 2
54%
10.94Super Mario Party
51%
4.38The Legend of Zelda: Link’s Awakening
49%
2.87Fire Emblem: Three Houses
48%
2.1Arms
45%
1.32Xenoblade Chronicles: Definitive Edition
40%
2.25Donkey Kong Country: Tropical Freeze
40%
1.95Minecraft
37%
2.56Kirby Star Allies
37%
3.011-2-Switch
37%
7.44New Super Mario Bros. U Deluxe
32%
2Mario and Rabbids: Kingdom Battle
30%
4Ring Fit Adventure
29%
2.75Mario Tennis Aces
22%
1.73Xenoblade Chronicles 2
21%
1.16Pokken Tournament DX
20%
1.11Yoshi’s Crafted World
18%
1.18Captain Toad: Treasure Tracker
16%
2Octopath Traveler
15%
1.09Nintendo Labo Toy-Con 01: Variety Kit
11%
1.03Clubhouse Games: 51 Worldwide Classics
7%
1.08Astral Chain
6%
1Enter the Gungeon
6%
1.08Marvel Ultimate Alliance 3: The Black Order
5%
1.26Pokémon Mystery Dungeon: Rescue Team DX
3%
1Taiko no Tatsujin: Drum ‘n’ Fun!
2%

Score Distribution

Percentile by Number Answered

Percent of People with Each Score

Your Score History

You have not taken this quiz since the last reset